[Event "Batatais op 2nd"]
[Site "Batatais"]
[Date "2015.01.18"]
[Round "4"]
[White "Dias, Matheus Nunes"]
[Black "Resende, Lucas Branquinho"]
[Result "1-0"]
[WhiteElo "1633"]
[BlackElo "1800"]
[PlyCount "98"]
[EventDate "2015.01.17"]
[EventType "swiss"]
[EventRounds "5"]
[EventCountry "BRA"]
[SourceTitle "CBM 164 Extra"]
[Source "ChessBase"]
[SourceDate "2015.03.02"]
[SourceVersion "1"]
[SourceVersionDate "2015.03.02"]
[SourceQuality "1"]

1. d4 Nf6 2. Nf3 c6 3. c4 d5 4. Nc3 Bf5 5. Bf4 e6 6. e3 Bd6 7. Bxd6 Qxd6 8. Qb3 Qc7 9. Rc1 Qb6 10. Qa3 Na6 11. cxd5 exd5 12. Bxa6 Qxa6 13. Qxa6 bxa6 14. Na4 Bd7 15. Ne5 Rc8 16. Nc5 a5 17. Nb7 Rb8 18. Nxa5 Rxb2 19. 0-0 Rxa2 20. Naxc6 0-0 21. Ra1 Rxa1 22. Rxa1 Bxc6 23. Nxc6 Ra8 24. Rxa7 Rxa7 25. Nxa7 Kf8 26. Kf1 Ke7 27. Nc6+ Kd6 28. Ne5 Ke6 29. f3 Ne8 30. Ke2 Nd6 31. h4 Nf5 32. Kf2 Nxh4 33. g4 f6 34. Kg3 fxe5 35. Kxh4 exd4 36. exd4 Kd6 37. Kg5 Ke6 38. f4 Ke7 39. Kf5 Kd6 40. g5 Kd7 41. Ke5 Kc6 42. Ke6 Kc7 43. Kxd5 h6 44. gxh6 gxh6 45. f5 Kd7 46. Ke5 h5 47. d5 h4 48. Kf4 Kd6 49. f6 Kd7 1-0

[Event "Batatais op 2nd"]
[Site "Batatais"]
[Date "2015.01.17"]
[Round "2"]
[White "Resende, Lucas Branquinho"]
[Black "Fantinati, Nilton M Nascimento"]
[Result "1/2-1/2"]
[WhiteElo "1800"]
[BlackElo "1569"]
[PlyCount "55"]
[EventDate "2015.01.17"]
[EventType "swiss"]
[EventRounds "5"]
[EventCountry "BRA"]
[SourceTitle "CBM 164 Extra"]
[Source "ChessBase"]
[SourceDate "2015.03.02"]
[SourceVersion "1"]
[SourceVersionDate "2015.03.02"]
[SourceQuality "1"]

1. d4 d5 2. Nf3 Nf6 3. Bg5 e6 4. e3 a6 5. Bd3 Be7 6. Nbd2 0-0 7. 0-0 h6 8. Bh4 Nbd7 9. c4 c5 10. Qc2 Qc7 11. Bg3 Bd6 12. Bxd6 Qxd6 13. e4 dxe4 14. Nxe4 Nxe4 15. Bxe4 f5 16. dxc5 Qxc5 17. Bd3 b6 18. Rfe1 Rf6 19. Rad1 g5 20. Qc3 Qe7 21. Nd4 Qf7 22. Nf3 Bb7 23. Ne5 Nxe5 24. Rxe5 f4 25. Be4 Bxe4 26. Rxe4 f3 27. g3 Rf8 28. Rd6 1/2-1/2